| 000 | 00481 a2200181 4500 | ||
|---|---|---|---|
| 005 | 20260313115344.0 | ||
| 008 | 260312b |||||||| |||| 00| 0 eng d | ||
| 020 |
_a9789380428574 _cRs. 2595.00 |
||
| 040 | _aMAIN | ||
| 082 |
_a579 _bK811P |
||
| 100 | _a Kocher, Gurvinder Singh | ||
| 245 | _aPractical teaching in microbiology | ||
| 260 |
_bNarendra Publishing House _c2013 _aDelhi |
||
| 300 | _ax, 273 | ||
| 650 | _aMicrobiology | ||
| 650 | _aMicro Organisms | ||
| 942 | _cBK | ||
| 999 |
_c395776 _d395776 |
||